[Event "Noisiel op 8th"]
[Site "Noisiel"]
[Date "2023.02.19"]
[Round "3"]
[White "Koulitchenko, Alexandre"]
[Black "Bonte, Andrei Mihai"]
[Result "0-1"]
[WhiteElo "2166"]
[BlackElo "2335"]
[PlyCount "102"]
[EventDate "2023.02.18"]
[EventType "swiss"]
[EventRounds "9"]
[EventCountry "FRA"]
[SourceTitle "CBM 212 Extra"]
[Source "ChessBase"]
[SourceDate "2023.03.31"]
[SourceVersion "1"]
[SourceVersionDate "2023.03.31"]
[SourceQuality "1"]

1. e4 e6 2. d4 d5 3. Nc3 Bb4 4. e5 c5 5. a3 Bxc3+ 6. bxc3 Ne7 7. Nf3 b6 8. h4 Ba6 9. Bxa6 Nxa6 10. h5 h6 11. Nh4 Qd7 12. a4 Rc8 13. Rh3 Qc7 14. Qd3 Nb8 15. Rg3 cxd4 16. cxd4 Qxc2 17. Qxc2 Rxc2 18. Rxg7 Nbc6 19. Be3 Rc4 20. Nf3 Nf5 21. Rg4 Kf8 22. Kd2 Rg8 23. Rxg8+ Kxg8 24. Rc1 Na5 25. Rxc4 Nxc4+ 26. Kd3 Nfxe3 27. fxe3 Nb2+ 28. Kc3 Nxa4+ 29. Kb3 b5 30. Kb4 a6 31. Ka5 Nc3 32. Kxa6 b4 33. Nd2 Nd1 34. Kb5 Nxe3 35. Kxb4 Nxg2 36. Nf1 f6 37. exf6 Kf7 38. Kc5 Kxf6 39. Ng3 Ke7 40. Kc6 Ne3 41. Ne2 Nf5 42. Kc5 Kf7 43. Kc6 Kf6 44. Kc5 Ng7 45. Ng3 Kg5 46. Kd6 Nf5+ 47. Nxf5 Kxf5 48. Ke7 e5 49. dxe5 Kxe5 50. Kf7 Ke4 51. Ke6 Kd4 0-1

[Event "Paris-ch"]
[Site "Paris"]
[Date "2004.07.06"]
[Round "4"]
[White "Bitalzadeh, Ali"]
[Black "Koulitchenko, Alexandre"]
[Result "1-0"]
[WhiteElo "2291"]
[BlackElo "2185"]
[PlyCount "45"]
[EventDate "2004.07.03"]
[EventType "swiss"]
[EventRounds "9"]
[EventCountry "FRA"]
[SourceTitle "CBM 101 Extra"]
[Source "ChessBase"]
[SourceDate "2004.09.01"]
[SourceVersion "2"]
[SourceVersionDate "2004.09.01"]
[SourceQuality "1"]

1. e4 e5 2. Nf3 Nc6 3. Bb5 a6 4. Ba4 Nf6 5. 0-0 Be7 6. Re1 b5 7. Bb3 0-0 8. h3 d6 9. c3 Na5 10. Bc2 c5 11. d4 Qc7 12. Nbd2 Rb8 13. Nf1 b4 14. cxb4 cxb4 15. b3 Bb7 16. Bb2 exd4 17. Rc1 Qd8 18. Nxd4 d5 19. e5 Ne4 20. Qg4 Bc8 21. e6 Nf6 22. Qg3 Qd6 23. Nf5 1-0

[Event "FRA-chT2 0304a"]
[Site "France"]
[Date "2004.01.17"]
[Round "5.5"]
[White "Velon, Sebastien"]
[Black "Koulitchenko, Alexandre"]
[Result "1/2-1/2"]
[WhiteElo "2117"]
[BlackElo "2215"]
[PlyCount "126"]
[EventDate "2003.10.??"]
[EventType "team-tourn"]
[EventRounds "11"]
[EventCountry "FRA"]
[SourceTitle "EXT 2005"]
[Source "ChessBase"]
[SourceDate "2004.11.15"]
[SourceVersion "1"]
[SourceVersionDate "2004.11.15"]
[SourceQuality "1"]
[WhiteTeam "Marseille Reciproque"]
[BlackTeam "Grenoble"]
[WhiteTeamCountry "FRA"]
[BlackTeamCountry "FRA"]

1. e4 e5 2. Nc3 Nc6 3. Bc4 Nf6 4. d3 Na5 5. Nge2 Nxc4 6. dxc4 Bc5 7. 0-0 d6 8. Qd3 Be6 9. b3 a6 10. Be3 Bxe3 11. Qxe3 0-0 12. h3 Nh5 13. g4 Nf6 14. Ng3 Nd7 15. Kh2 Re8 16. Nf5 Kh8 17. Qg3 g6 18. Ne3 Rc8 19. Rad1 Qf6 20. Ncd5 Qg7 21. Qh4 f6 22. Rg1 Rf8 23. Nf5 Qf7 24. Nfe3 Nc5 25. f3 a5 26. a4 Rcd8 27. Rg2 Bc8 28. Rdg1 Ne6 29. Qe1 c6 30. Nb6 Qc7 31. Nxc8 Rxc8 32. Rd2 Rcd8 33. Qf2 Rd7 34. Rgd1 Rfd8 35. Qh4 Kg7 36. Rg2 Qb6 37. Qf2 Kh8 38. Qe1 Nf4 39. Rgd2 Qb4 40. Qf2 Qc3 41. Ng2 Ne6 42. Qe3 Qb4 43. Ne1 Nd4 44. Rxd4 exd4 45. Qxd4 Qc5 46. Qxf6+ Kg8 47. Nd3 Qe3 48. Rf1 Re8 49. Kg2 Qh6 50. Rf2 Qg7 51. Qg5 Qc3 52. h4 Kh8 53. Re2 Rde7 54. Qh6 b6 55. Nf4 Qg7 56. Qxg7+ Kxg7 57. Rd2 Rd7 58. Rd3 Kf6 59. Ne2 Rc8 60. Nc3 Ke5 61. Kf2 h6 62. Kg2 g5 63. h5 Rcc7 1/2-1/2

[Event "FRA-chT2 0304a"]
[Site "France"]
[Date "2003.11.16"]
[Round "3.5"]
[White "Perez, Flavio"]
[Black "Koulitchenko, Alexandre"]
[Result "1-0"]
[WhiteElo "2184"]
[BlackElo "2215"]
[PlyCount "93"]
[EventDate "2003.10.??"]
[EventType "team-tourn"]
[EventRounds "11"]
[EventCountry "FRA"]
[SourceTitle "EXT 2005"]
[Source "ChessBase"]
[SourceDate "2004.11.15"]
[SourceVersion "1"]
[SourceVersionDate "2004.11.15"]
[SourceQuality "1"]
[WhiteTeam "Echiquier Nicois II"]
[BlackTeam "Grenoble"]
[WhiteTeamCountry "FRA"]
[BlackTeamCountry "FRA"]

1. e4 e5 2. Nf3 Nc6 3. Bc4 Bc5 4. c3 Nf6 5. d3 d6 6. Nbd2 a5 7. 0-0 0-0 8. Re1 Ba7 9. Nf1 Ne7 10. Ng3 c6 11. Bg5 Ng4 12. d4 h6 13. Bh4 g5 14. Nxg5 hxg5 15. Bxg5 d5 16. Be2 f6 17. Bc1 dxe4 18. Bxg4 f5 19. Be2 exd4 20. Bc4+ Nd5 21. cxd4 Qf6 22. Bxd5+ cxd5 23. Ne2 f4 24. Bxf4 Bg4 25. Be3 Bb8 26. Qb3 Qf7 27. Rac1 Kg7 28. Ng3 Bd6 29. a3 Rh8 30. Rc3 Rh7 31. Rc5 Be6 32. Rb5 Rah8 33. Rxb7 Bd7 34. h3 Kg6 35. Qb6 Qe6 36. Ne2 Rh4 37. Rc1 R8h7 38. b4 axb4 39. axb4 Kf7 40. Rc6 Rxh3 41. gxh3 Qxh3 42. Ng3 Bxg3 43. Rxd7+ Qxd7 44. Rf6+ Ke7 45. fxg3 Rg7 46. Rg6 Rf7 47. Bg5+ 1-0

[Event "FRA-chT2 0304"]
[Site "France"]
[Date "2003.10.12"]
[Round "1"]
[White "Germain, Christophe"]
[Black "Koulitchenko, Alexandre"]
[Result "0-1"]
[WhiteElo "2089"]
[BlackElo "2215"]
[PlyCount "130"]
[EventDate "2003.10.??"]
[EventType "team-tourn"]
[EventRounds "11"]
[EventCountry "FRA"]
[SourceTitle "EXT 2005"]
[Source "ChessBase"]
[SourceDate "2004.11.15"]
[SourceVersion "1"]
[SourceVersionDate "2004.11.15"]
[SourceQuality "1"]

1. d4 Nf6 2. Nf3 e6 3. Bf4 c5 4. c3 b6 5. e3 Bb7 6. Bd3 Be7 7. h3 0-0 8. 0-0 Nc6 9. Nbd2 Rc8 10. Rc1 cxd4 11. cxd4 Nb4 12. Rxc8 Qxc8 13. Be2 Ba6 14. a3 Nd3 15. Bxd3 Bxd3 16. Re1 Qa6 17. Ne5 Rc8 18. Nxd3 Qxd3 19. Nf3 Qc2 20. Qe2 Ne4 21. Ne5 d5 22. Nd3 Nd2 23. f3 Nb3 24. Kf2 Bh4+ 25. g3 Be7 26. Qxc2 Rxc2+ 27. Re2 Rc8 28. g4 Kf8 29. g5 Ke8 30. Ke1 a5 31. Kd1 f6 32. h4 b5 33. Rc2 Rc4 34. Nf2 Kf7 35. Ng4 Kg6 36. Rxc4 bxc4 37. gxf6 Bxf6 38. Nxf6 gxf6 39. a4 Kf5 40. Bc7 e5 41. dxe5 fxe5 42. Kc2 d4 43. exd4 exd4 44. Bd6 Ke6 45. Bc7 Kd7 46. Be5 Kc6 47. Bf6 Kd6 48. Bd8 Kd5 49. Bc7 d3+ 50. Kc3 Nc5 51. Bxa5 Nxa4+ 52. Kd2 Nxb2 53. Bc3 Na4 54. Bf6 Nc5 55. Bg5 h5 56. Kc3 Nb7 57. Be7 Nd6 58. Bg5 Nf5 59. Bf6 Kc5 60. Bg5 Kd5 61. Bf6 Ne3 62. Kd2 Nc2 63. Bg5 Nd4 64. f4 Ke4 65. Kc3 Ne2+ 0-1

[Event "FRA-chT U18 9899"]
[Site "France"]
[Date "1998.??.??"]
[Round "6"]
[White "Lafond, Olivier"]
[Black "Koulitchenko, Alexandre"]
[Result "1/2-1/2"]
[WhiteElo "2040"]
[BlackElo "2150"]
[PlyCount "94"]
[EventDate "1998.??.??"]
[EventType "team-tourn"]
[EventRounds "11"]
[EventCountry "FRA"]
[SourceTitle "EXT 2000"]
[Source "ChessBase"]
[SourceDate "1999.11.16"]
[SourceVersion "1"]
[SourceVersionDate "1999.11.16"]
[SourceQuality "1"]

1. e4 e5 2. Nf3 Nc6 3. Bb5 a6 4. Ba4 Nf6 5. 0-0 Be7 6. Re1 b5 7. Bb3 0-0 8. c3 d6 9. h3 h6 10. d4 Bb7 11. Nbd2 Re8 12. Nf1 Bf8 13. Ng3 Rc8 14. Bc2 exd4 15. cxd4 Nb4 16. Bb1 c5 17. a3 Nc6 18. d5 Ne5 19. Nxe5 Rxe5 20. Bf4 Re8 21. Qd2 Nd7 22. a4 Qb6 23. b3 c4 24. axb5 c3 25. Qc2 Bxd5 26. Be3 Qxb5 27. exd5 g6 28. Rd1 Nf6 29. Qd3 Qxd3 30. Rxd3 c2 31. Ba2 c1Q+ 32. Bxc1 Re1+ 33. Kh2 Rcxc1 34. Rxc1 Rxc1 35. b4 Rc2 36. Ra3 Rb2 37. Ra4 h5 38. Bc4 Bh6 39. Bxa6 Nxd5 40. b5 Nc3 41. Rd4 Nxb5 42. Bxb5 Rxb5 43. Rxd6 Bf4 44. Rd4 Be5 45. Re4 f5 46. Rc4 g5 47. Kg1 Bxg3 1/2-1/2

[Event "FRA-chT U18"]
[Site "France"]
[Date "1996.??.??"]
[Round "7"]
[White "Kerbrat, Julien"]
[Black "Koulitchenko, Alexandre"]
[Result "1/2-1/2"]
[WhiteElo "1820"]
[BlackElo "1890"]
[PlyCount "48"]
[EventDate "1996.??.??"]
[EventType "team-tourn"]
[EventRounds "11"]
[EventCountry "FRA"]
[SourceTitle "EXT 2001"]
[Source "ChessBase"]
[SourceDate "2000.11.22"]
[SourceVersion "1"]
[SourceVersionDate "2000.11.22"]
[SourceQuality "1"]

1. e4 e5 2. Nf3 Nc6 3. d4 exd4 4. Bc4 Nf6 5. 0-0 Nxe4 6. Re1 d5 7. Bxd5 Qxd5 8. Nc3 Qh5 9. Nxe4 Be6 10. Nxd4 Qxd1 11. Rxd1 Nxd4 12. Rxd4 Be7 13. Bf4 c6 14. Bd6 0-0-0 15. Rad1 Bxd6 16. Nxd6+ Kc7 17. c4 a6 18. c5 Rd7 19. a3 Rb8 20. Rb4 b6 21. cxb6+ Rxb6 22. Ne8+ Kb7 23. Nd6+ Kc7 24. Ne8+ Kb7 1/2-1/2

[Event "FRA-chT U18"]
[Site "France"]
[Date "1996.??.??"]
[Round "10"]
[White "Riff, Vincent"]
[Black "Koulitchenko, Alexandre"]
[Result "0-1"]
[WhiteElo "1680"]
[BlackElo "1720"]
[PlyCount "78"]
[EventDate "1996.??.??"]
[EventType "team-tourn"]
[EventRounds "11"]
[EventCountry "FRA"]
[SourceTitle "EXT 2001"]
[Source "ChessBase"]
[SourceDate "2000.11.22"]
[SourceVersion "1"]
[SourceVersionDate "2000.11.22"]
[SourceQuality "1"]

1. d4 d5 2. Nf3 Bf5 3. Bf4 Nf6 4. e3 e6 5. Nbd2 Bd6 6. Bxd6 cxd6 7. c4 dxc4 8. Bxc4 d5 9. Bb5+ Nbd7 10. 0-0 0-0 11. Rc1 Rc8 12. Qe2 a6 13. Bd3 Bxd3 14. Qxd3 Qb6 15. Qb3 Qxb3 16. Nxb3 b6 17. Nfd2 Ne4 18. Nxe4 dxe4 19. Nd2 f5 20. h3 e5 21. Nb3 exd4 22. Nxd4 g6 23. Nc6 Kf7 24. b4 b5 25. Rfd1 Nb6 26. Rd6 Nc4 27. Rd7+ Ke6 28. Rcd1 Rxc6 29. Rxh7 Ne5 30. h4 Rf7 31. Rh8 Rd7 32. Re8+ Kf7 33. Rxd7+ Nxd7 34. Rh8 Ne5 35. Rd8 Nd3 36. a3 Ne5 37. Rd2 Nc4 38. Rc2 Rd6 39. Rc3 Rd3 0-1